000 01046nam a22002655i 4500
001 161443
003 ES-MaACL
005 20250907063123.0
008 991104s1887 fr |||| |bfre d
040 _aEUS
_bspa
_cEUS
080 _a821.133.1 Vie de Saint Alexis.08
100 1 _aParis, Gaston,
_d1839-1903
_989136
245 1 3 _aLa vie de Saint Alexis
_b: poème du XIe siècle et renouvements des XIIe et XIVe siécles /
_cpubliés avec préfaces, variantes, notes et glossaire par Gaston Paris... et Léopold Pannier.
260 _aParis :
_bF. Vieweg...,
_c1887 (
_eNogent-le-Rotrou :
_fimprimerie de A. Gouverneur)
300 _a[1] h., XII, 416, [1] p. ;
_c25 cm.
500 _aReproduction de l'edition de 1872, autorisée par l'auteur.
596 _aColofón.
596 _aMarca tip. en port.
597 _aSignaturizado.
597 _aAntep.
630 0 4 _aVie de Saint Alexis-
_xLenguaje.
_9146076
700 0 _aPannier, Léopold.
_988809
852 _aES-MaACL
_jC-7551
_z-- Enc. hol.
999 _c161443
_d161443